Clemson Tigers Football Trivia - Statistics

General Stats
  • This quiz has been taken 549 times
  • The average score is 10 of 14
Answer Stats
Hint Answer % Correct
Clemson's official colors Orange
98%
Conference that Clemson plays in ACC
97%
Freshman quarterback who led the team to a 2018 national title Trevor Lawrence
91%
School that Clemson defeated in the 2016 and 2018 National Championship games Alabama
90%
Clemson is one of five teams in the Bowl Subdivision to be named the Tigers. Name one of the other four. Auburn / LSU / Memphis / Missouri
87%
Head coach of Clemson since 2008 Dabo Swinney
86%
Quarterback of Clemson's 2016 championship team Deshaun Watson
84%
School that Clemson competes against in the annual Palmetto Bowl South Carolina
83%
Nickname of Memorial Stadium Death Valley
80%
Former Clemson coach who is the namesake of college football's most prestigious individual trophy John Heisman
66%
Clemson's fight song Tiger Rag / Hold That Tiger
50%
Head coach from 1999–2008 Tommy Bowden
43%
Head coach of the team during its undefeated 1981 season Danny Ford
35%
Clemson's official colors Regalia
21%
No matching quizzes found
Score Distribution
Percent of People with Each Score
Percentile by Number Answered
Your Score History
You have not taken this quiz